|
|
|
|
| LEADER |
00000nam a2200000Ii 4500 |
| 001 |
DIGEDICNSB0036 |
| 003 |
NyNyDIG |
| 008 |
221006s2014 sp a o 001 0 spa d |
| 006 |
m o d |
| 007 |
cr ||||||||||| |
| 035 |
|
|
|a (OCoLC)1379463735
|
| 040 |
|
|
|a DGITA
|b eng
|e rda
|e pn
|c DGITA
|
| 020 |
|
|
|a 9788490197103
|q eBook
|
| 020 |
|
|
|z 9788498726251
|
| 043 |
|
|
|a e-sp---
|
| 050 |
1 |
4 |
|a Z412.E35 ebook
|
| 100 |
1 |
|
|a Tusquets, Esther,
|e author.
|
| 245 |
1 |
0 |
|a Confesiones de una editora poco mentirosa /
|c Esther Tusquets.
|
| 264 |
|
1 |
|a Barcelona (España) :
|b Ediciones B,
|c [2014]
|
| 300 |
|
|
|a 1 online resource :
|b illustrations.
|
| 336 |
|
|
|a text
|b txt
|2 rdacontent
|
| 337 |
|
|
|a computer
|b c
|2 rdamedia
|
| 338 |
|
|
|a online resource
|b cr
|2 rdacarrier
|
| 347 |
|
|
|a text file
|2 rdaft
|
| 347 |
|
|
|b EPUB
|
| 490 |
1 |
|
|a No Ficción
|
| 500 |
|
|
|a Includes index.
|
| 588 |
0 |
|
|a Online resource; title from ePub title page (Digitalia, viewed October 06, 2022)
|
| 610 |
2 |
0 |
|a Editorial Lumen
|x History
|y 20th century.
|
| 600 |
1 |
0 |
|a Tusquets, Esther.
|
| 650 |
|
0 |
|a Publishers and publishing
|z Spain
|v Biography.
|
| 650 |
|
0 |
|a Authors, Spanish
|y 20th century
|v Biography.
|
| 791 |
2 |
|
|a Digitalia (Firm),
|e distributor.
|
| 793 |
0 |
|
|g Digitalia eBook Collection:
|a Ediciones B
|
| 776 |
0 |
8 |
|i Print version:
|a Tusquets, Esther.
|t Confesiones de una editora poco mentirosa.
|b 1a edición.
|d Barcelona (España) : Ediciones B, [2014]
|z 9788498726251
|
| 830 |
|
0 |
|a No ficcion (Ediciones B (Firm))
|
| 856 |
4 |
0 |
|3 Digitalia Hispánica
|u https://www.digitaliapublishing.com/a/52906/
|
| 910 |
|
|
|a Premium collection: 2022
|